logo

Bir Sreshtho Munshi Abdur Rouf Library
Jhenaidah Cadet College

আরণ্যক / (Record no. 8228)

MARC details
000 -LEADER
fixed length control field 00755nam a2200229 a 4500
001 - CONTROL NUMBER
JCCL Control Number 8228
003 - CONTROL NUMBER IDENTIFIER
JCCL marc code BD-JhCC
005 - DATE AND TIME OF LATEST TRANSACTION
control field 20220904134022.0
008 - FIXED-LENGTH DATA ELEMENTS--GENERAL INFORMATION
fixed length control field 180219b1938 bg |||| ||a| 000 0 ben d
020 ## - INTERNATIONAL STANDARD BOOK NUMBER
International Standard Book Number 978984881560
035 ## - SYSTEM CONTROL NUMBER
system control number (BD-JhCC) 8228
040 ## - CATALOGING SOURCE
Original cataloging agency BD-JhCC
Modifying agency BD-JhCC
041 ## - LANGUAGE CODE
Language code of Book ben
082 ## - DEWEY DECIMAL CLASSIFICATION NUMBER
Classification number 891.443
Author mark and Year BAN 1938
100 ## - MAIN ENTRY--PERSONAL NAME
Personal name বন্দোপাধ্যায়, বিভূতিভূষণ
245 ## - TITLE STATEMENT
Title আরণ্যক /
Statement of responsibility, etc বিভূতিভূষণ বন্দোপাধ্যায়
260 ## - PUBLICATION, DISTRIBUTION, ETC. (IMPRINT)
Place of publication, distribution, etc ঢাকা :
Name of publisher, distributor, etc দি ইউনিভার্সিটি প্রেস লিমিটেড ,
Date of publication, distribution, etc 1938
300 ## - PHYSICAL DESCRIPTION
Pagination 182 p .:
Dimensions 22 cm .
650 ## - SUBJECT ADDED ENTRY--TOPICAL TERM
Topical term or geographic name as entry element Bengali Novel
942 ## - ADDED ENTRY ELEMENTS (KOHA)
Source of classification or shelving scheme Dewey Decimal Classification
Koha item type Books
Koha issues (borrowed), all copies 15
Holdings
Source of classification or shelving scheme Damaged status Not for loan Collection code Home library Current library Shelving location Date of accession Total Checkouts Full call number Barcode Date last seen Date checked out Copy number Koha item type Total Renewals Method of acquisition Currency Checked out
Dewey Decimal Classification     Fiction JCC Rouf Library JCC Rouf Library General Stacks 02/19/2018 13 891.443 BAN 1938 10790 07/30/2025 06/29/2025 C-1 Books        
Dewey Decimal Classification     Fiction JCC Rouf Library JCC Rouf Library General Stacks 03/08/2018 7 891.443 BAN 1938 12023 06/06/2024 10/30/2023 C-2 Books 2 Purchase BDT  
Dewey Decimal Classification     Fiction JCC Rouf Library JCC Rouf Library General Stacks   1 891.443 BAN 1938 20401 02/09/2026 01/18/2026 C-3 Books   Purchase BDT  
Dewey Decimal Classification     Fiction JCC Rouf Library JCC Rouf Library General Stacks   3 891.443 BAN 1938 20402 02/08/2026 02/08/2026 C-4 Books   Purchase BDT 03/05/2026

JCC Library | Contacts | JCC Home

Last Update on 23 September 2017
Copyright @ 2017-2020 JCC Rouf Library
Rouf Library, Jhenidah Cadet College (JCC), Bangladesh